=LDR 00000nam 2200000 4500 =001 INLIS000000000033586 =005 20130612135530 =008 ***********************************ind** =035 ##$$0010-061300000033586 =041 ##$$a ind =082 ##$$a 352.72 =090 ##$$a 352.72, Dar,p =100 ##$$a Darise,Nurlan =245 ##$$a Pengelolaan Keuangan Pada Satuan Kerja Perangkat Daerah (SKPD) dan BLU , Nurlan Darise =260 ##$$a 2009 $b Jakarta =650 ##$$a Keuangan Daerah =850 ##$$a NBPNMAT =990 ##$$a 0001/BPAP-NTB/20142014 =990 ##$$a 0001/BPAP-NTB/20142015 =990 ##$$a 0001/BPAP-NTB/20142015